000 00813nam a2200253Ia 4500
003 OSt
005 20220923220437.0
006 a|||||r|||| 00| 0
007 ta
008 220922b |||||||| |||| 00| 0 hin d
024 _a186,689
037 _cTextual
040 _aARTS
_cARTS
_bhin
041 _2hin
_ahin
082 _aX, 152K5
100 _aखत्री, जे डी
245 0 _aअर्थशास्त्र के मूल सिद्वान्त
246 _aArthashāstra ke mūl sidvānta
260 _aइलाहाबाद
_b किताब महल प्रा0 लि0
_c1965
300 _a498 पृ.
_ccm.
650 _aअर्थशास्त्र
942 _hX, 152K5
_cTEXL
_2CC
999 _c339932
_d339932